[Event "South Moravia Region-chT 2223"]
[Site "Czech Republic"]
[Date "2022.10.23"]
[Round "2.7"]
[White "Jiruse, Jaroslav"]
[Black "Rotrekl, Rostislav"]
[Result "1/2-1/2"]
[WhiteElo "1663"]
[BlackElo "1792"]
[PlyCount "31"]
[EventDate "2022.10.09"]
[EventType "team-tourn"]
[EventRounds "11"]
[EventCountry "CZE"]
[SourceTitle "EXT 2024"]
[Source "ChessBase"]
[SourceDate "2023.10.10"]
[SourceVersion "1"]
[SourceVersionDate "2023.10.10"]
[SourceQuality "1"]

1. d4 Nf6 2. c4 g6 3. Nc3 d5 4. cxd5 Nxd5 5. e4 Nxc3 6. bxc3 Bg7 7. Nf3 0-0 8. Be2 c5 9. 0-0 Nc6 10. Be3 Qa5 11. Qb3 Rd8 12. Rfd1 cxd4 13. cxd4 Qb4 14. Qd3 b6 15. Rac1 Bb7 16. a3 1/2-1/2

[Event "South Moravia Region-chT 2223"]
[Site "Czech Republic"]
[Date "2022.10.09"]
[Round "1.7"]
[White "Blata, Frantisek"]
[Black "Jiruse, Jaroslav"]
[Result "1-0"]
[WhiteElo "1759"]
[BlackElo "1663"]
[PlyCount "69"]
[EventDate "2022.10.09"]
[EventType "team-tourn"]
[EventRounds "11"]
[EventCountry "CZE"]
[SourceTitle "EXT 2024"]
[Source "ChessBase"]
[SourceDate "2023.10.10"]
[SourceVersion "1"]
[SourceVersionDate "2023.10.10"]
[SourceQuality "1"]

1. d4 Nf6 2. c4 g6 3. Nc3 Bg7 4. e4 d6 5. Nf3 0-0 6. Be2 Nbd7 7. h3 e5 8. Be3 c6 9. d5 Qc7 10. 0-0 Ne8 11. g4 f5 12. exf5 gxf5 13. gxf5 Rxf5 14. Ng5 Nf8 15. Bg4 Rf6 16. Nce4 Rh6 17. Ne6 Nxe6 18. Bxh6 Bxh6 19. dxe6 Qe7 20. Kh1 Kh8 21. Ng3 Bxe6 22. Nf5 Bxf5 23. Bxf5 Nf6 24. Rg1 Rd8 25. Qd3 Nh5 26. Rae1 d5 27. cxd5 cxd5 28. Qf3 Nf6 29. Qg3 Re8 30. Qh4 Bf4 31. Rg6 Rf8 32. Reg1 h6 33. Rxh6+ Bxh6 34. Qxh6+ Nh7 35. Bxh7 1-0